00984nam a2200253 i 4500001001000000003000900010005001700019007000300036008004100039020001500080040003000095082002400125100003500149245013400184264003500318300005200353336002700405337003300432338002800465504007400493504003000567651007000597651006300667000027493DO-SdBNP20241111132141.0ta110401s2005 dr abd 000 0 spa d z9993432056 aDO-SdBNPbspacBNPHUerda a972.9304bA473d2221 aÁlvarez López, Luiseautor10aDieciséis conclusiones fundamentales sobre la anexión y la guerra de la restauración (1861-1865) /cLuis Álvarez López. aSanto Domingo :bArgos,c2005. a118 páginas :bilustraciones, mapa. ;c22 cm. ardacontentbtexto2txt ardamediabsin mediación2n ardacarrierbvolumen2nc aIncluye referencias bibliográficas y notas al pie de las páginas. aBibliografía : p. 83-89 4aRepública DominicanaxHistoriayANEXIÓN A ESPAÑA, 1861-1865 0aREPÚBLICA DOMINICANAxHISTORIAyRESTAURACIÓN 1863-1865